Statystyki dla Quiz o Kostaryce

Kliknij tutaj aby rozwiązać quiz!

Ogólne statystyki

  • Ten quiz został rozwiązany 468 razy
  • Średni wynik to 8 z 17

Statystyki odpowiedzi

WskazówkaOdpowiedź% Poprawnych
Oficjalny językhiszpański
98%
Państwa granicząceNikaragua
95%
Państwa graniczącePanama
95%
Morze graniczące na wschodzieMorze {Karaibskie}
89%
StolicaSan José
82%
Jedyne państwo amerykańskie o
dłuższej średniej długości życia
Kanada
69%
Znaczenie nazwy państwa
w powyższym języku
Bogate wybrzeże
39%
Kostaryka zniosła ____ w 1948 r.Wojsko
39%
Rodzaje małp odkrytych w
Kostaryce (podaj dowolną)
Kapucynki | Wyjce
37%
Czym Kostaryka
chce się stać do 2021 roku
Krajem wolnym od
{węgla}
36%
WalutaColon
29%
Rzeka stanowiąca znaczną część
granicy z Nikaraguą
San Juan
26%
Największy aktywny wulkan w KostaryceArenal
23%
Pseudonim gatunku bazyliszka,
który potrafi chodzić po wodzie
Jaszczurki
{Jezusa} {Chrystusa}
23%
Wyspa na Pacyfiku nazywana czasem
najbardziej wysuniętym na południe
punktem Ameryki Północnej
Wyspa {Kokosowa}
23%
Danie składające się z ryżu i fasoli
podawane jako śniadanie
Gallo {Pinto}
22%
Slangowe określenie KostarykańczykaTico / Tica
22%

Rozkład punktacji

Percentyl według liczby udzielonych odpowiedzi

Procent ludzi z każdym wynikiem

Twoja historia wyników

Nie rozwiązałeś tego quizu